| 000 | 01480nam a2200325 c 4500 | ||
|---|---|---|---|
| 003 | BLK | ||
| 005 | 20180420215816.0 | ||
| 008 | 180413b bul|||||r ||||||| ||bul|| | ||
| 010 | _aKNG00025325000 | ||
| 020 |
_a954-712-015-8 _bиздат.: Русенски унив. А. Кънчев |
||
| 040 | _aBLK | ||
| 041 |
_aBUL _cBUL |
||
| 080 |
_aМашинни елементи. Общи въпроси. Вж и 531.8 ; 62-1/-9 _b621.81 _x(075.8) _z621.81(075.8) |
||
| 100 | 1 |
_aНенов, Петър _eпърви автор _9266741 |
|
| 139 |
_aМашинни елементи _bМ 42 |
||
| 245 | 1 | 0 |
_aМашинни елементи _bЛаб. упражнения : [За студентите от Русенски унив. Ангел Кънчев] _cПетър Ненов. |
| 257 | _aBGR | ||
| 260 |
_аРусе _bРусенски унив. А. Кънчев _c1998 |
||
| 300 |
_a80 с. _bсъс сх., табл. _c21 см |
||
| 380 | _a62 | ||
| 500 | _aДруги авт.: И. Спасов, Д. Андреев, С. Черешаров, П. Стаматов, Е. Ангелова ; Първият авт. е известен като Петър Ненов Петров ; 500 тир | ||
| 650 | 4 |
_aМашинни елементи _9257292 |
|
| 653 | _aмашинни елементи | ||
| 653 | _aучебници за ВУЗ | ||
| 852 | _aЦб 198975 | ||
| 856 | 4 |
_qpdf _u |
|
| 856 | 4 |
_qpdf _u |
|
| 942 |
_cKNG _n0 |
||
| 944 |
_aCR _c15.01.2003 _kЦветанка_Енчева |
||
| 944 |
_aED _c07.08.2003 _k |
||
| 999 |
_c22874 _d22874 |
||